[Event "Barquisimeto-ch"]
[Site "Barquisimeto"]
[Date "2011.10.25"]
[Round "6"]
[White "Diaz, Jose Luis"]
[Black "Ynojosa Aponte, Felix Jose"]
[Result "1-0"]
[WhiteElo "2109"]
[BlackElo "2294"]
[PlyCount "128"]
[EventDate "2011.10.21"]
[EventType "tourn"]
[EventRounds "11"]
[EventCountry "VEN"]
[SourceTitle "EXT 2022"]
[Source "ChessBase"]
[SourceDate "2021.10.06"]
[SourceVersion "1"]
[SourceVersionDate "2021.10.06"]
[SourceQuality "1"]

1. d4 Nf6 2. Nf3 e6 3. e3 b6 4. c3 Bb7 5. Bd3 Be7 6. 0-0 0-0 7. Nbd2 d6 8. Ng5 h6 9. Nh3 e5 10. e4 Bc8 11. Kh1 Bg4 12. Be2 Bxh3 13. gxh3 Nbd7 14. f4 exf4 15. Rxf4 Nh7 16. Nf1 Bg5 17. Rf2 Ndf6 18. Ng3 Bh4 19. Bd3 Qd7 20. Kg2 Rae8 21. Re2 Bxg3 22. hxg3 Re7 23. Qc2 Rfe8 24. c4 c5 25. d5 Nf8 26. Bd2 Ng6 27. Rf1 Ne5 28. Bxh6 Nxd3 29. Qxd3 Nxe4 30. Bf4 f5 31. b3 Rf8 32. Bc1 Qe8 33. Bb2 Qg6 34. Rf4 Qg5 35. h4 Qh6 36. Qf3 Qh7 37. g4 g6 38. gxf5 gxf5 39. Kh2 Rff7 40. Qg2+ Kf8 41. Re3 Qh5 42. Ref3 Ke8 43. Qg8+ Rf8 44. Qxf8+ Kxf8 45. Rxf5+ Qxf5 46. Rxf5+ Rf7 47. Rxf7+ Kxf7 48. Kh3 Kg6 49. Kg4 Nf2+ 50. Kf3 Nd3 51. Bc3 Kf5 52. h5 Kg5 53. h6 Kg6 54. h7 Kxh7 55. Ke4 Nf2+ 56. Kf5 Kg8 57. Be1 Nd3 58. Bg3 Kf7 59. Bxd6 Nc1 60. Bf4 Nd3 61. Bg5 Nb4 62. d6 Nc6 63. d7 Ne7+ 64. Ke4 Ke6 1-0

[Event "Barquisimeto-ch"]
[Site "Barquisimeto"]
[Date "2011.10.24"]
[Round "5"]
[White "Brizuela Abreu, Reivis Gabriel"]
[Black "Diaz, Jose Luis"]
[Result "1-0"]
[WhiteElo "2125"]
[BlackElo "2109"]
[PlyCount "35"]
[EventDate "2011.10.21"]
[EventType "tourn"]
[EventRounds "11"]
[EventCountry "VEN"]
[SourceTitle "EXT 2022"]
[Source "ChessBase"]
[SourceDate "2021.10.06"]
[SourceVersion "1"]
[SourceVersionDate "2021.10.06"]
[SourceQuality "1"]

1. d4 c5 2. d5 e5 3. e4 d6 4. Nc3 f5 5. Bb5+ Nd7 6. exf5 Qh4 7. g3 Qf6 8. Qf3 Be7 9. a4 a6 10. Bd3 Qf7 11. h4 Ngf6 12. Nh3 h6 13. g4 Nb6 14. a5 Nbxd5 15. Bc4 e4 16. Qd1 Qf8 17. Nxd5 Nxd5 18. Qxd5 1-0

[Event "Barquisimeto-ch"]
[Site "Barquisimeto"]
[Date "2011.10.24"]
[Round "4"]
[White "Diaz, Jose Luis"]
[Black "Boada, Winston"]
[Result "1/2-1/2"]
[WhiteElo "2109"]
[BlackElo "2235"]
[PlyCount "94"]
[EventDate "2011.10.21"]
[EventType "tourn"]
[EventRounds "11"]
[EventCountry "VEN"]
[SourceTitle "EXT 2022"]
[Source "ChessBase"]
[SourceDate "2021.10.06"]
[SourceVersion "1"]
[SourceVersionDate "2021.10.06"]
[SourceQuality "1"]

1. d4 g6 2. Nf3 Bg7 3. Bf4 Nf6 4. e3 d6 5. c4 c5 6. Nc3 Qa5 7. Qd2 0-0 8. Be2 Nc6 9. d5 Nb8 10. h4 Bg4 11. Bd3 Bxf3 12. gxf3 Nh5 13. Bh2 Nd7 14. f4 Bxc3 15. bxc3 f5 16. f3 Ndf6 17. Rg1 Kh8 18. e4 Ng7 19. Rg5 Nfh5 20. Rb1 b6 21. Ke2 Rf7 22. e5 Re8 23. e6 Rf6 24. Rgg1 Ra8 25. Rb5 Qa4 26. Qb2 Rff8 27. Rb3 Rfb8 28. Ke3 Rb7 29. Ra3 Qe8 30. Bc2 Rab8 31. Ba4 Qf8 32. Qg2 Rc7 33. Qg5 Nf6 34. Bb5 Ngh5 35. Qg2 Qh6 36. Qg5 Qg7 37. Qg2 Rg8 38. Kd3 Qh6 39. Qg5 Qf8 40. Qg2 Qa8 41. Kc2 Ng7 42. Qe2 Qb8 43. Qg2 Qf8 44. Ra6 Nge8 45. a4 Qh6 46. Qg3 Nh5 47. Qg5 Qf8 1/2-1/2

[Event "Barquisimeto-ch"]
[Site "Barquisimeto"]
[Date "2011.10.23"]
[Round "3"]
[White "Soto Paez, Oliver de la Trinid"]
[Black "Diaz, Jose Luis"]
[Result "1-0"]
[WhiteElo "2357"]
[BlackElo "2109"]
[PlyCount "109"]
[EventDate "2011.10.21"]
[EventType "tourn"]
[EventRounds "11"]
[EventCountry "VEN"]
[SourceTitle "EXT 2022"]
[Source "ChessBase"]
[SourceDate "2021.10.06"]
[SourceVersion "1"]
[SourceVersionDate "2021.10.06"]
[SourceQuality "1"]

1. e4 c6 2. d4 d5 3. Nd2 dxe4 4. Nxe4 Nf6 5. Nxf6+ exf6 6. c3 Bd6 7. Bd3 0-0 8. Ne2 Qc7 9. Qc2 h6 10. Be3 b5 11. Ng3 Re8 12. 0-0 Be6 13. Qd2 Bxg3 14. fxg3 h5 15. a4 Bc4 16. axb5 cxb5 17. Rf5 Bxd3 18. Qxd3 Qc4 19. Qxc4 bxc4 20. Kf2 Nd7 21. Rxh5 g5 22. h4 Rab8 23. Bc1 Re7 24. hxg5 f5 25. g4 fxg4 26. Rxa7 Rbe8 27. Rc7 Ne5 28. Rxe7 Nd3+ 29. Kg3 Rxe7 30. Bf4 Re2 31. Bc7 Rxb2 32. Bd8 Kf8 33. Rh8+ Kg7 34. Bf6+ Kg6 35. Kxg4 Rxg2+ 36. Kf3 Rc2 37. Ke4 Nf2+ 38. Kf3 Nd3 39. d5 Kf5 40. Ke3 Nf4 41. Rd8 Ne2 42. Re8 Nxc3 43. Re5+ Kg4 44. d6 Nd1+ 45. Ke4 c3 46. Rc5 Rd2 47. Bd4 Nf2+ 48. Bxf2 Rxf2 49. Rxc3 Rd2 50. Rd3 Re2+ 51. Kd5 Re8 52. d7 Rd8 53. Kd6 Kxg5 54. Ke7 Rxd7+ 55. Rxd7 1-0